5HLuxD.jpg

KING HENRY VIII SENIOR AND PRIMARY SCHOOL LIBRARY OPAC

Transformers Armada : (Record no. 1224)

000 -LEADER
fixed length control field 01232cam a2200313 a 4500
001 - CONTROL NUMBER
control field 13111821
003 - CONTROL NUMBER IDENTIFIER
control field OSt
005 - DATE AND TIME OF LATEST TRANSACTION
control field 20221216101522.0
008 - FIXED-LENGTH DATA ELEMENTS--GENERAL INFORMATION
fixed length control field 030305s2003 nyua b 000 1 eng
010 ## - LIBRARY OF CONGRESS CONTROL NUMBER
LC control number 2003003902
020 ## - INTERNATIONAL STANDARD BOOK NUMBER
International Standard Book Number 0789497417 (pbk.)
020 ## - INTERNATIONAL STANDARD BOOK NUMBER
International Standard Book Number 9780789497413
040 ## - CATALOGING SOURCE
Original cataloging agency DLC
Transcribing agency DLC
Modifying agency DLC
-- KH8
042 ## - AUTHENTICATION CODE
Authentication code lcac
082 00 - DEWEY DECIMAL CLASSIFICATION NUMBER
Classification number FIC DON
Edition number 21
100 1# - MAIN ENTRY--PERSONAL NAME
Personal name Donkin, Andrew.
Relator term Author
245 10 - TITLE STATEMENT
Title Transformers Armada :
Remainder of title the awakening /
Statement of responsibility, etc. written by Andrew Donkin.
250 ## - EDITION STATEMENT
Edition statement 1st American ed.
260 ## - PUBLICATION, DISTRIBUTION, ETC.
Place of publication, distribution, etc. New York :
Name of publisher, distributor, etc. DK Pub.,
Date of publication, distribution, etc. 2003.
300 ## - PHYSICAL DESCRIPTION
Extent 48 p. :
Other physical details col. ill. ;
Dimensions 23 cm.
490 1# - SERIES STATEMENT
Series statement DK Readers ;
Volume/sequential designation Level 4
520 ## - SUMMARY, ETC.
Summary, etc. Three children find a spaceship deep inside a cave and unwittingly revive an ancient conflict between the heroic Autobots and the evil Decepticons, each fighting for control of the universe.
521 ## - TARGET AUDIENCE NOTE
Target audience note Juvenile works
650 #1 - SUBJECT ADDED ENTRY--TOPICAL TERM
Topical term or geographic name entry element Science fiction.
830 #0 - SERIES ADDED ENTRY--UNIFORM TITLE
Uniform title Dorling Kindersley readers.
Number of part/section of a work 4,
Name of part/section of a work Proficient readers
906 ## - LOCAL DATA ELEMENT F, LDF (RLIN)
a 7
b cbc
c orignew
d 1
e ecip
f 20
g y-gencatlg
942 ## - ADDED ENTRY ELEMENTS (KOHA)
Source of classification or shelving scheme
Koha item type Books - Fiction
Holdings
Withdrawn status Lost status Source of classification or shelving scheme Damaged status Not for loan Collection code Permanent Location Current Location Shelving location Date acquired Total Checkouts Full call number Barcode Date last seen Date last checked out Price effective from Koha item type
          Fiction KH8 Primary School Library KH8 Primary School Library Fiction 2022-12-16 21 FIC DON KHPL000003427 2025-12-05 2025-06-10 2022-12-16 Books - Fiction

Powered By KH8 IT Dept